زخترف الحرف الشعبية المصرية بين التراث والمعاصرة

محفوظ في:

المؤلف الرئيسي: Abd al salihin sami bakhit

التنسيق: كتاب

اللغة: Undetermined

منشور في: Cairo 2013

الموضوعات:

الوسوم: إضافة وسم

لا توجد وسوم, كن أول من يضع وسما على هذه التسجيلة!

رقم الطلب: TT118.C35 A33

LEADER 00571nam a2200157Ia 4500
008 230909s9999||||xx |||||||||||||| ||und||
050 4 |a TT118.C35 A33 
100 1 |a Abd al salihin sami bakhit  
245 1 0 |a زخترف الحرف الشعبية المصرية بين التراث والمعاصرة 
264 1 |a Cairo  |c 2013 
300 |a 382 P  |c 26cm 
650 4 |a Decorative arts  
650 4 |a Folk art  
942 |2 lcc  |c BK 
952 |0 0  |1 0  |2 lcc  |4 0  |6 TT0118 C35 A33  |7 1  |9 49973  |a ARCE  |b ARCE  |d 2023-09-09  |l 0  |o TT118.C35 A33  |p 1034067  |r 2023-09-09 00:00:00  |w 2023-09-09  |y BK 
999 |c 54596  |d 54596